Survey of NGOs in the field of social services Pakistan. (Record no. 528846)
[ view plain ]
| 000 -LEADER | |
|---|---|
| fixed length control field | 00388 a2200157 4500 |
| 003 - CONTROL NUMBER IDENTIFIER | |
| control field | NUST |
| 038 ## - RECORD CONTENT LICENSOR | |
| Staff Name | MSOHAIL |
| 082 ## - DEWEY DECIMAL CLASSIFICATION NUMBER | |
| Classification number | 361 |
| 100 ## - MAIN ENTRY--PERSONAL NAME | |
| Personal name | HRH Associates |
| 9 (RLIN) | 20633 |
| 245 ## - TITLE STATEMENT | |
| Title | Survey of NGOs in the field of social services Pakistan. |
| 250 ## - EDITION STATEMENT | |
| Edition statement | Part II |
| 260 ## - PUBLICATION, DISTRIBUTION, ETC. | |
| Place of publication, distribution, etc. | Lahore |
| Name of publisher, distributor, etc. | HRH Associates. |
| Date of publication, distribution, etc. | 1989. |
| 300 ## - PHYSICAL DESCRIPTION | |
| Extent | 433p. |
| 500 ## - GENERAL NOTE | |
| General note | Paper cover |
| 942 ## - ADDED ENTRY ELEMENTS (KOHA) | |
| Institution code [OBSOLETE] | NIT |
| Koha item type | Book |
| Call number prefix | 361 HRH |
| Source of classification or shelving scheme | |
| Withdrawn status | Lost status | Source of classification or shelving scheme | Damaged status | Not for loan | Permanent Location | Current Location | Date acquired | Total Checkouts | Full call number | Barcode | Date last seen | Price effective from | Koha item type |
|---|---|---|---|---|---|---|---|---|---|---|---|---|---|
| School of Civil and Environmental Engineering (SCEE) | School of Civil and Environmental Engineering (SCEE) | 09/13/2019 | 361 | NIT-10533 | 09/13/2019 | 09/13/2019 | Book |
